000 00898nam a2200229 a 4500
003 OSt
005 20210818181801.0
008 160208s2015 ck do gr 000 0dspa
020 _a9789587222319
040 _bspa
041 _aspa
082 0 4 _a610.7
_bT866q
100 1 _aTrujillo Henao, Samuel Eduardo
245 1 1 _a¿Quiero estudiar medicina? :
_balgunas preguntas y respuestas sobre la carrera de medicina en Colombia
_cSamuel Eduardo Trujillo Henao
260 _aPereira
_bUniversidad Tecnológica de Pereira
_c2015
300 _a79 páginas
_bdiagramas, fotografías en blanco y negro
_c24 cm
490 0 _aColección textos académicos
500 _aContiene datos biográficos del autor
504 _aBibliografía: págiinas 73-74
650 1 4 _aMedicina
_xEducación superior
_zColombia
_vPreguntas y respuestas
942 _2ddc
_h610.7 T866q
_k610.7
_mT866q
999 _c12474
_d12474